000 02595cam a2200289 4500500
005 20260208005339.0
041 _afre
042 _adc
100 1 0 _aMoal, Laurence
_eauthor
245 0 0 _aLes peuples étrangers dans les chroniques bretonnes à la fin du Moyen Âge
260 _c2009.
500 _a74
520 _aRÉSUMÉLes chroniqueurs bretons de la fin du Moyen Âge décrivent un monde dans lequel gravitent de nombreux peuples. La conscience de cette diversité passe par l’étude de leurs désignations, dont l’emploi n’est pas neutre. L’utilisation de tout un vocabulaire, hérité de l’Antiquité et adapté aux réalités modernes, marque clairement la prise de conscience de la nation et identifient clairement l’autre, le non-Breton. Les noms de peuples étrangers surtout sont vecteurs d’identité et les listes des populations s’accompagnent généralement de l’étude de l’origine de leur nom. L’éponymie se place ainsi au cœur des mythes de fondation. Les noms sont également des instruments pour valoriser ou dévaloriser. Ils participent pleinement à la conscience de former une communauté. C’est aussi une façon pour les auteurs de montrer leur érudition.
520 _aABSTRACT At the end of the Middle Ages, Breton chroniclers describe a world in which a number of peoples are moving around. The awareness of this diversity comes from studying their denominations, which are not impartial. The use of an entire lexicon, inherited from Antiquity and adapted to meet the realities of the time, clearly signals the nation’s self-awareness and clearly identifies others, those that are considered non-Breton. The names they give to alien peoples are more than anything vectors of identity and the lists of these populations generally go hand in hand with the sudy of the origin of their names. Eponymy (name derivation) is therefore at the heart of fouding legends. Names are also instruments which give status to or weaken a community. They contribute fully to the awareness of the formation of a community. It is also a way for the authors to demonstrate their wisdom.
690 _aBretagne
690 _achroniques
690 _aétrangers
690 _aMoyen Âge
690 _amythes de fondation
690 _aBrittany
690 _aChroniclers
690 _aFounding myths
690 _aMiddle Ages
690 _aStrangers
786 0 _nRevue historique | 651 | 3 | 2009-09-01 | p. 499-528 | 0035-3264
856 4 1 _uhttps://shs.cairn.info/revue-historique-2009-3-page-499?lang=fr&redirect-ssocas=7080
999 _c1651714
_d1651714